| 000 | 00914nam a2200289Ia 4500 | ||
|---|---|---|---|
| 008 | 160319s9999 xx 000 0 und d | ||
| 245 | _aCinderella : | ||
| 245 | _bread-along storybook and CD / | ||
| 245 | _cDavid Watts; Cindy Robinson; Randy Thornton; Ted Kryczko; Jeff Sheridan; Walt Disney Company.; Disney Storybook Artists. | ||
| 260 | _aNew York : | ||
| 260 | _bWalt Disney Records | ||
| 260 | _c2009 | ||
| 300 | _a1 sound disc : | ||
| 300 | _bdigital ; | ||
| 300 | _c4 3/4 in. | ||
| 300 | _e1 book ([32] p. : col. ill. ; 20 cm.) | ||
| 440 | _aDisney princess. | ||
| 650 | _aCinderella (Legendary character) -- | ||
| 650 | _aDisney characters -- | ||
| 650 | _aFairy tales -- | ||
| 650 | _aPrincesses -- | ||
| 650 | _aRead-alongs. | ||
| 650 | _xJuvenile fiction. | ||
| 650 | _xJuvenile literature. | ||
| 650 | _xJuvenile literature. | ||
| 650 | _xJuvenile literature. | ||
| 999 |
_c292692 _d292692 |
||